| 000 | 00922nam a22002057a 4500 | ||
|---|---|---|---|
| 999 |
_c7461 _d7461 |
||
| 003 | AR-CdUCM | ||
| 008 | 190320b ||||| |||| 00| 0 spa d | ||
| 040 |
_aMUNICIPALIDAD PROVINCIAL DEL CUSCO _cBIBLIOTECA MUNICIPAL DEL CUSCO |
||
| 082 |
_23ed. _a690.1 / _bA72 |
||
| 100 |
_aArmas, S. _921042 |
||
| 245 | _aTrabajos de albañileria / | ||
| 260 |
_aBarcelona : _bJ. Bruguer, _c1961. |
||
| 300 |
_a216 paginas ; _bDiagramas, _c22 cm. |
||
| 440 |
_aBiblioteca Practica de Construcción _921043 |
||
| 505 | _aContenido :Clasificación y calculo de los muros y paredes --Construcción de los muros o paredes y pilares --Huecos en los muros --Revestimiento de parámetros, revoques y estucos ... | ||
| 650 |
_aBiblioteca práctica de construcción _921044 |
||
| 650 |
_aAlbañilería _921045 |
||
| 942 |
_2ddc _cLIBROS |
||
| 945 | _arjall | ||